Legislative staff in Korea / (Record no. 2250)
[ view plain ]
| 000 -LEADER | |
|---|---|
| fixed length control field | 00938cam a2200265 a 4500 |
| 001 - CONTROL NUMBER | |
| control field | 4753476 |
| 003 - CONTROL NUMBER IDENTIFIER | |
| control field | OSt |
| 005 - DATE AND TIME OF LATEST TRANSACTION | |
| control field | 20230621151112.0 |
| 008 - FIXED-LENGTH DATA ELEMENTS--GENERAL INFORMATION | |
| fixed length control field | 851210s1986 ko a b s001 0 eng |
| 010 ## - LIBRARY OF CONGRESS CONTROL NUMBER | |
| LC control number | 85073812 |
| 020 ## - INTERNATIONAL STANDARD BOOK NUMBER | |
| Canceled/invalid ISBN | 09151940508 : |
| Terms of availability | W7000 |
| 040 ## - CATALOGING SOURCE | |
| Original cataloging agency | DLC |
| Transcribing agency | DLC |
| Modifying agency | DLC |
| 043 ## - GEOGRAPHIC AREA CODE | |
| Geographic area code | a-ko--- |
| 082 00 - DEWEY DECIMAL CLASSIFICATION NUMBER | |
| Classification number | 328.51 |
| Item number | PAR |
| 100 1# - MAIN ENTRY--PERSONAL NAME | |
| Personal name | Pak, Chae-chʻang, |
| Dates associated with a name | 1948- |
| 245 10 - TITLE STATEMENT | |
| Title | Legislative staff in Korea / |
| Statement of responsibility, etc. | by Jai Chang Park. |
| 260 ## - PUBLICATION, DISTRIBUTION, ETC. (IMPRINT) | |
| Place of publication, distribution, etc. | Seoul : |
| Name of publisher, distributor, etc. | Sookmyung Women's University Press ; |
| Place of publication, distribution, etc. | Albany, N.Y. : |
| Name of publisher, distributor, etc. | Comparative Development Studies Center, State University of New York at Albany, New York, |
| Date of publication, distribution, etc. | c1986. |
| 300 ## - PHYSICAL DESCRIPTION | |
| Extent | xviii, 255 p. : |
| Other physical details | ill. ; |
| Dimensions | 25 cm. |
| 500 ## - GENERAL NOTE | |
| General note | Includes index. |
| 504 ## - BIBLIOGRAPHY, ETC. NOTE | |
| Bibliography, etc | Bibliography: p. 239-249. |
| 610 10 - SUBJECT ADDED ENTRY--CORPORATE NAME | |
| Corporate name or jurisdiction name as entry element | Korea (South). |
| Subordinate unit | Kukhoe |
| General subdivision | Officials and employees. |
| 651 #0 - SUBJECT ADDED ENTRY--GEOGRAPHIC NAME | |
| Geographic name | Korea (South) |
| General subdivision | Politics and government |
| Chronological subdivision | 1960-1988. |
| 906 ## - LOCAL DATA ELEMENT F, LDF (RLIN) | |
| a | 7 |
| b | cbc |
| c | orignew |
| d | 2 |
| e | opcn |
| f | 19 |
| g | y-gencatlg |
| 942 ## - ADDED ENTRY ELEMENTS (KOHA) | |
| Source of classification or shelving scheme | Dewey Decimal Classification |
| Koha item type | Books |
| Withdrawn status | Lost status | Source of classification or shelving scheme | Damaged status | Not for loan | Home library | Current library | Date acquired | Total Checkouts | Full call number | Barcode | Date last seen | Price effective from | Koha item type |
|---|---|---|---|---|---|---|---|---|---|---|---|---|---|
| Dewey Decimal Classification | County Hall Archives | County Hall Archives | 06/21/2023 | 328.51 PAR | 10001154 | 06/21/2023 | 06/21/2023 | Books |
